[Event "45th Olympiad Budapest 2024"]
[Site "Budapest"]
[Date "2024.09.20"]
[Round "9.1"]
[White "Rodrigue-Lemieux, Shawn"]
[Black "Atabayev, Saparmyrat"]
[Result "0-1"]
[WhiteElo "2509"]
[BlackElo "2516"]
[PlyCount "144"]
[EventDate "2024.09.11"]
[EventType "team"]
[EventRounds "11"]
[EventCountry "HUN"]
[WhiteTeam "Canada"]
[BlackTeam "Turkmenistan"]
[WhiteTeamCountry "CAN"]
[BlackTeamCountry "TKM"]

1. e4 e5 2. Nf3 Nf6 3. d4 Nxe4 4. Bd3 d5 5. Nxe5 Bd6 6. O-O O-O 7. c4 c6 8. Qc2 Nd7 ({RR} 8... Qh4 9. Nf3 Qh5 10. c5 Bc7 11. Bxe4 dxe4 12. Qxe4 Bg4 13. Ne5 {½-½ (13) Timman,J (2600)-Hort,V (2595) Bugojno 1980}) ({RR} 8... f5 9. Nc3 Na6 10. a3 Nc7 11. f3 Nxc3 12. Qxc3 Be6 13. b3 Re8 14. Re1 Bxe5 15. Rxe5 g6 16. Bf4 Bf7 17. Rxe8+ Nxe8 18. Be5 Nd6 19. Qb4 dxc4 20. bxc4 Nc8 21. Qxb7 Nb6 22. c5 Nd7 23. Bc7 {Nasuta,G (2552)-Szewczyk,M (2128) Warsaw POL 2023 1-0}) 9. cxd5 $146 ({RR} 9. Bxe4 dxe4 10. Nxd7 Bxd7 11. Qxe4 f5 12. Qd3 Qh4 13. f4 Rae8 14. Nd2 Rf6 15. Nf3 Qh5 16. Ne5 Rh6 17. h3 Be6 18. Bd2 b5 19. b3 bxc4 20. bxc4 c5 21. d5 Bf7 22. Rae1 Rf6 23. Bc3 Rh6 {Jahr,U (2200)-Rack,M Giessen 1994 1-0 (32)}) ({RR} 9. f4 f5 10. Nd2 Ndf6 11. c5 Bc7 12. b4 Qe8 13. a4 a6 14. Ndf3 Qh5 15. Bd2 h6 16. b5 g5 17. g3 Nxd2 18. Qxd2 Ne4 19. Qe3 Bd8 20. bxc6 gxf4 21. gxf4 bxc6 22. Kh1 Kh7 23. Rg1 Rb8 {Schmidt,J (2021)-Richter,G Hemmingen 2000 1-0 (45)}) ({RR} 9. Bxe4 dxe4 10. Nxd7 Bxd7 11. Qxe4 Re8 12. Qd3 Qh4 13. f4 Bg4 14. Nc3 Bb4 15. Be3 Qh5 16. a3 Ba5 17. Rae1 Re6 18. Bf2 Rh6 19. h3 Bc7 20. Ne2 Bf5 21. Qb3 Rb8 22. Ng3 Qg6 23. Qxb7 Rf8 {Knebel,W-Rack,M (2179) Wiesbaden 2000 1-0}) 9... cxd5 10. Bxe4 dxe4 11. Qxe4 Re8 12. Bf4 Nb6 13. Qf3 Be6 14. Nc3 Bf8 15. Rfe1 Qxd4 16. Rad1 Qb4 17. Nd3 Qc4 18. Ne5 Qa6 19. Ng4 Kh8 20. h3 Rac8 21. Re5 Nc4 22. Rb5 b6 23. a4 Rc5 24. b3 Na3 25. Rxc5 bxc5 26. Nd5 Qb7 27. Qd3 Rd8 28. Nge3 Qc6 29. Be5 Bxd5 30. Nxd5 c4 31. bxc4 Nxc4 32. Qd4 Nb6 33. Qc3 Qxa4 34. Rd4 Nxd5 35. Rxa4 Nxc3 36. Bxc3 Bc5 37. Kf1 f6 38. Ke2 Kg8 39. g4 Re8+ 40. Kf3 Kf7 41. h4 Ke6 42. g5 Rb8 43. gxf6 gxf6 44. Ra5 Bb6 45. Rh5 Rb7 46. Bd2 a6 47. Be3 Bd8 48. Bd2 Rf7 49. Ba5 Be7 50. Bc3 Bd6 51. Ra5 Ra7 52. Ke4 Bc7 53. Rc5 Bd6 54. Ra5 Bc7 55. Rc5 a5 56. Bd4 Bd8 57. Rc6+ Kd7 58. Kd5 Ra8 59. Bxf6 Bxf6 60. Rxf6 a4 61. Rd6+ Ke7 62. Re6+ Kf7 63. Re2 a3 64. Ra2 Kf6 65. Ke4 Ra4+ 66. Kf3 Rxh4 67. Kg3 Ra4 68. f3 Kf5 69. Kf2 Kf4 70. Kg2 h5 71. Kf2 h4 72. Kg2 Ra8 0-1

[Event "45th Olympiad Budapest 2024"]
[Site "Budapest"]
[Date "2024.09.20"]
[Round "9.2"]
[White "Annaberdiyev, Meylis"]
[Black "Panjwani, Raja"]
[Result "0-1"]
[WhiteElo "2431"]
[BlackElo "2460"]
[PlyCount "152"]
[EventDate "2024.09.11"]
[EventType "team"]
[EventRounds "11"]
[EventCountry "HUN"]
[WhiteTeam "Turkmenistan"]
[BlackTeam "Canada"]
[WhiteTeamCountry "TKM"]
[BlackTeamCountry "CAN"]

1. e4 e6 2. d3 d5 3. Nd2 c5 4. Ngf3 Nc6 5. g3 Bd6 6. Bg2 Nge7 7. O-O O-O 8. Nh4 d4 ({RR} 8... Rb8 9. f4 b5 10. f5 exf5 11. exf5 f6 12. a3 Qc7 13. c3 a5 14. Rf2 Bb7 {½-½ (14) Dolmatov,S (2610)-Martinovic,S (2465) Cetinje 1992}) 9. f4 f6 ({RR} 9... f5 10. Nhf3 e5 11. Nc4 fxe4 12. dxe4 Bg4 13. f5 Nxf5 14. exf5 e4 15. h3 exf3 16. Bxf3 Bxh3 17. Nxd6 Qxd6 18. Bf4 Qd7 19. g4 Bxf1 20. Qxf1 d3 21. cxd3 Kh8 22. Kg2 Qd4 23. Bc1 Ne5 24. Be4 {Lachmair,E (1908)-Naveen Kumar P (1904) Forni di Sopra ITA 2024 0-1}) 10. Nc4 Bc7 $146 ({RR} 10... b5 11. Nxd6 Qxd6 12. a4 Qb8 13. axb5 Qxb5 14. b3 a5 15. f5 e5 16. g4 h6 17. Nf3 a4 18. bxa4 Rxa4 19. Rxa4 Qxa4 20. h4 Nb4 21. Ne1 Ba6 22. g5 c4 23. gxh6 cxd3 24. hxg7 Rf7 25. Nxd3 {Hart,C (2194)-Townsend,W Parsippany 2000 ½-½}) 11. a4 Bd7 12. Bd2 Na5 13. Bxa5 Bxa5 14. e5 Bc6 15. exf6 Rxf6 16. Qe2 Bxg2 17. Qxg2 Nd5 18. Qe4 Bc7 19. Nf3 h6 20. Nfd2 Qd7 21. Qe2 Qc6 22. Ne4 Rf7 23. Rae1 Raf8 24. b3 b6 25. Nf2 Re7 26. Ng4 Qe8 27. Qg2 Nc3 28. Nge5 Bxe5 29. Rxe5 Qd7 30. Rfe1 Rf5 31. Qh3 Nd5 32. Qg2 Rxe5 33. Rxe5 Rf7 34. Re1 Rf6 35. Qe4 Nb4 36. Ne5 Qd5 37. Qe2 Rf8 38. Qd1 Nc6 39. Qg4 Rf6 40. h4 Ne7 41. h5 Nf5 42. Nc4 Kh7 43. Re5 Qc6 44. Re4 Qd5 45. Kh2 Qc6 46. Qe2 Qd7 47. Ne5 Qe8 48. Ng6 Rxg6 49. hxg6+ Qxg6 50. Qf3 Ne3 51. Rxe3 dxe3 52. Qxe3 Qh5+ 53. Kg2 Qf5 54. Qe4 Kg6 55. Kf3 h5 56. Ke3 Kf6 57. Qa8 Qh3 58. Qd8+ Kf7 59. Qd7+ Kg8 60. Qd8+ Kf7 61. Qd7+ Kg6 62. Qe8+ Kh7 63. Kd2 Qg4 64. Qf7 Kh6 65. Qxa7 Qxg3 66. Qb8 h4 67. Qh8+ Kg6 68. Qe8+ Kf5 69. Qf7+ Kg4 70. Qxe6+ Kxf4 71. Qf7+ Kg4 72. Qxg7+ Kf3 73. Qb7+ Kf2 74. Qxb6 Qe3+ 75. Kc3 Qd4+ 76. Kd2 Qb4+ 0-1

[Event "45th Olympiad Budapest 2024"]
[Site "Budapest"]
[Date "2024.09.20"]
[Round "9.3"]
[White "Thavandiran, Shiyam"]
[Black "Hommadov, Amanmuhammet"]
[Result "1-0"]
[WhiteElo "2388"]
[BlackElo "2181"]
[PlyCount "81"]
[EventDate "2024.09.11"]
[EventType "team"]
[EventRounds "11"]
[EventCountry "HUN"]
[WhiteTeam "Canada"]
[BlackTeam "Turkmenistan"]
[WhiteTeamCountry "CAN"]
[BlackTeamCountry "TKM"]

1. e4 c5 2. Nf3 Nc6 3. d4 cxd4 4. Nxd4 Nf6 5. Nc3 e5 6. Ndb5 d6 7. Bg5 a6 8. Na3 b5 9. Nd5 Be7 10. Bxf6 Bxf6 11. c4 b4 12. Nc2 O-O 13. Be2 a5 14. O-O Bg5 15. Qd3 Be6 16. Rad1 ({RR} 16. Rfd1 Kh8 17. b3 Qb8 18. a3 bxa3 19. Rxa3 g6 20. Bf3 Ra7 21. Nc3 Rd7 22. Nb5 Qb6 23. h3 Qc5 24. Ra4 f5 25. Nc3 Rdd8 26. Qe2 Rd7 27. Raa1 Qb6 28. Rab1 Rdd8 29. Nd5 Qa7 30. Ra1 Qb8 {Dumanuly,S (2081)-Zhigalko,S (2572) chess.com INT 2024 0-1 (55)}) ({RR} 16. Rfd1 g6 17. Nde3 Qb6 18. Nd5 Qb8 19. Qg3 Qd8 20. Bg4 Kh8 21. Qh3 f5 22. exf5 gxf5 23. Be2 Rc8 24. a3 bxa3 25. Qxa3 f4 26. Nc3 Be7 27. Nd5 Bh4 28. Bf3 Bf5 29. Qc3 Qe8 30. Rd2 Qg6 {Thavandiran,S (2385)-Durarbayli,V (2630) Saint Louis 2017 ½-½ (51)}) 16... Qb8 ({RR} 16... Kh8 17. Bf3 g6 18. b3 Ra7 19. Qe2 Rd7 20. Rd3 Nb8 21. a3 bxa3 22. Nxa3 Na6 23. Rdd1 Nc5 24. Qc2 f5 25. Nb5 Bh6 26. Ndc3 Qb6 27. exf5 Bxf5 28. Qe2 Nxb3 29. Na4 Qb8 30. Bg4 Nd4 31. Nxd4 {Bauer,C (2682)-Moiseenko,A (2706) Istanbul 2012 0-1 (79)}) 17. Qg3 Bd8 $146 ({RR} 17... h6 18. h4 Bd8 19. f4 Bxd5 20. exd5 Bb6+ 21. Kh1 Nd4 22. Bd3 Qc7 23. Ne3 Qe7 24. f5 f6 25. Ng4 Kh8 26. Nf2 b3 27. a3 Rfc8 28. Rc1 Rc7 29. Ne4 Rac8 30. Rc3 a4 31. Qg6 Nc2 32. Rf3 {Federzoni,E (2215)-Silva,K (2086) Sao Jose dos Campos 2021 0-1 (48)}) ({RR} 17... Bh6 18. Nf6+ Kh8 19. Ng4 Bf4 20. Qh4 Qd8 21. Qxd8 Rfxd8 22. h4 h5 23. Nge3 Bxe3 24. Nxe3 g6 25. Nc2 Kg7 26. g3 a4 27. b3 axb3 28. axb3 Ra2 29. Bd3 Rda8 30. f4 f6 31. Ra1 Rxa1 32. Rxa1 {Huschenbeth,N (2604)-Ognean,M (2298) Chess.com INT 2021 0-1 (58)}) 18. b3 Ra7 19. Kh1 Bxd5 20. exd5 Ne7 21. f4 exf4 22. Rxf4 Ng6 23. Re4 Bb6 24. Bh5 Ne5 25. Rxe5 dxe5 26. d6 e4 27. Qe5 Rd8 28. Bg4 Ra6 29. Qb5 Qa7 30. d7 Bc5 31. Rd5 Rf6 32. g3 Rf1+ 33. Kg2 Bg1 34. c5 Rc1 35. Re5 Rxc2+ 36. Kxg1 g6 37. Re8+ Kg7 38. Rxd8 Rxc5 39. Rg8+ Kh6 40. d8=Q Rc1+ 41. Kg2 1-0

[Event "45th Olympiad Budapest 2024"]
[Site "Budapest"]
[Date "2024.09.20"]
[Round "9.4"]
[White "Shirliyev, Allayar"]
[Black "Noritsyn, Nikolay"]
[Result "1-0"]
[WhiteElo "2200"]
[BlackElo "2451"]
[PlyCount "145"]
[EventDate "2024.09.11"]
[EventType "team"]
[EventRounds "11"]
[EventCountry "HUN"]
[WhiteTeam "Turkmenistan"]
[BlackTeam "Canada"]
[WhiteTeamCountry "TKM"]
[BlackTeamCountry "CAN"]

1. e4 c5 2. Nc3 Nc6 3. Bb5 Nd4 4. Bc4 e6 5. Nge2 Nf6 6. O-O a6 7. Nxd4 ({RR} 7. d3 b5 8. Bb3 Nxb3 9. axb3 Bb7 10. Bg5 d6 11. f4 Be7 12. f5 Nxe4 13. Bxe7 Nxc3 14. Bxd8 Nxd1 15. Bg5 Nxb2 16. Bc1 Nxd3 17. cxd3 e5 18. f6 g6 19. Bh6 Kd7 20. Nc3 Ke6 21. Ra5 Rhb8 {Aronian,L (2752)-Vallejo Pons,F (2650) Monte Carlo 2006 ½-½ (57)}) ({RR} 7. a4 d5 8. exd5 exd5 9. Nxd5 Nxd5 10. Nxd4 cxd4 11. Qh5 Be6 12. Re1 Nf4 13. Rxe6+ Nxe6 14. Bxe6 Qe7 15. Bc4 Qe1+ 16. Bf1 Bd6 17. g3 Qe5 18. Qf3 Rb8 19. d3 O-O 20. Bd2 Qc5 21. Rc1 Rfe8 {McAteer,I (1605)-Johansen,D (2360) Scarborough, WA AUS 2023 0-1 (53)}) 7... cxd4 8. Ne2 Nxe4 9. Nxd4 b5 $146 ({RR} 9... d5 10. Bb3 Bd6 11. d3 Nc5 12. f4 O-O 13. c3 Nxb3 14. axb3 f6 15. b4 e5 16. Nc2 d4 17. Qf3 dxc3 18. bxc3 exf4 19. d4 Qc7 20. Ra3 g5 21. h4 Kg7 22. Ra5 b6 23. Ra3 Bb7 24. d5 {Marholev,D (2364)-Leconte,M (2224) Dieppe 2012 ½-½ (50)}) ({RR} 9... d5 10. Be2 Bd6 11. d3 Nf6 12. Kh1 e5 13. Nb3 O-O 14. Bg5 h6 15. Bh4 Re8 16. c4 Be6 17. Rc1 Rc8 18. c5 Bb8 {½-½ (18) Marholev,D (2355)-Sveshnikov,V (2412) Livigno 2011}) 10. Bb3 Bb7 11. c3 Bd6 12. d3 Nf6 13. Re1 Qc7 14. h3 O-O 15. Nf3 b4 16. c4 a5 17. Be3 Bf4 18. Qd2 Nh5 19. Bd1 Rae8 20. Nd4 Bxe3 21. fxe3 Nf6 22. a3 Rb8 23. axb4 axb4 24. Ra4 d5 25. Rxb4 Rfd8 26. cxd5 Nxd5 27. Rc4 Qb6 28. Bf3 g6 29. Rec1 e5 30. Nc6 Bxc6 31. Rxc6 Qxe3+ 32. Qxe3 Nxe3 33. R6c3 Rxb2 34. Re1 Nd5 35. Ra3 f6 36. Ra8 Rxa8 37. Bxd5+ Kg7 38. Bxa8 Rd2 39. Re3 f5 40. Bd5 Kf6 41. Bc4 Rc2 42. Bd5 Rc5 43. Bg8 Kg7 44. Ba2 Kf6 45. Re2 Rc3 46. Rd2 Kg5 47. Kf2 Kf4 48. Bg8 Rc7 49. Re2 Re7 50. Ra2 Kg5 51. Ra5 Kh4 52. Ra4+ Kg5 53. Ke3 Rg7 54. Ba2 Rc7 55. Ra5 Rc2 56. Bd5 Rc3 57. Bf3 Kf6 58. Kd2 Rc7 59. Rb5 Ra7 60. Rb7 Ra2+ 61. Kc3 Ra3+ 62. Kc2 h5 63. Rb6+ Kg5 64. Bd5 Ra7 65. Re6 Ra5 66. Rxe5 Kf4 67. d4 Kg3 68. Bf3 Ra4 69. d5 Ra5 70. Re8 Ra7 71. d6 g5 72. Bc6 Ra6 73. Rc8 1-0

[Event "45th Olympiad Budapest 2024"]
[Site "Budapest"]
[Date "2024.09.20"]
[Round "9.1"]
[White "Sadorra, Julio Catalino"]
[Black "Salem, A.R. Saleh"]
[Result "1-0"]
[WhiteElo "2542"]
[BlackElo "2631"]
[PlyCount "69"]
[EventDate "2024.09.11"]
[EventType "team"]
[EventRounds "11"]
[EventCountry "HUN"]
[WhiteTeam "Philippines"]
[BlackTeam "United Arab Emirates"]
[WhiteTeamCountry "PHI"]
[BlackTeamCountry "UAE"]

1. d4 Nf6 2. c4 g6 3. Nc3 Bg7 4. Nf3 O-O 5. Bg5 h6 6. Bh4 c5 7. d5 d6 8. e3 Qb6 9. Rb1 ({RR} 9. Qc1 g5 10. Bg3 Bf5 11. Nd2 Nh5 12. Be2 Nxg3 13. hxg3 Nd7 14. f4 Nf6 15. O-O e6 16. a4 Rae8 17. Ra3 a6 18. Rb3 Qc7 19. Bf3 Bd3 20. Re1 g4 21. Bd1 Bxc4 22. Nxc4 exd5 23. Nb6 d4 {Loncke,M (2175)-Botez,A (1825) Reykjavik ISL 2024 1-0 (41)}) 9... Qa5 ({RR} 9... Na6 10. a3 Qa5 11. Nd2 g5 12. Bg3 Bf5 13. Rc1 Qb6 14. e4 Bg6 15. Bd3 Qxb2 16. Nb5 Nh5 17. O-O Rfc8 18. Re1 Nxg3 19. hxg3 Qf6 20. e5 dxe5 21. Ne4 Qb6 22. g4 Nc7 23. Rb1 Nxb5 24. Rxb5 {Dubov,D (2702)-Demchenko,A (2653) Chess.com INT 2022 1-0 (42)}) 10. Bd3 Bg4 $146 ({RR} 10... Na6 11. O-O Nb4 12. a3 Nxd3 13. Qxd3 g5 14. b4 Qxa3 15. Ra1 Bf5 16. Qxf5 Qxc3 {0-1 (16) Dushatskiy,F (2218)-Schmidt,M (1982) Neustadt an der Weinstrasse 2012}) ({RR} 10... b5 11. cxb5 Nxd5 12. O-O Nxc3 13. bxc3 Qc7 14. a4 Bb7 15. a5 a6 16. b6 Qd7 17. Qc2 Nc6 18. Ra1 f5 19. Nd2 g5 20. Bg3 f4 21. exf4 gxf4 22. Bh4 Qg4 23. g3 fxg3 24. fxg3 Bd4+ {0-1 (24) Johansson,L (2400)-Chigaev,M (2531) Khanty-Mansiysk 2015}) 11. h3 Bxf3 12. gxf3 b5 13. cxb5 a6 14. Kf1 Rc8 15. a4 c4 16. Bc2 axb5 17. axb5 Nbd7 18. f4 Kf8 19. Rg1 Nc5 20. Kg2 Nfd7 21. Kh2 Bxc3 22. bxc3 Qxc3 23. Bxg6 fxg6 24. Rxg6 Ne5 25. fxe5 Qxe5+ 26. Bg3 Qf5 27. Rxh6 Nd3 28. e4 Qxe4 29. Qh5 Ne5 30. Rh8+ Kg7 31. Rh7+ Kf8 32. Qh6+ Ke8 33. Rxe7+ Kxe7 34. Bh4+ Ke8 35. Qh8+ 1-0

[Event "45th Olympiad Budapest 2024"]
[Site "Budapest"]
[Date "2024.09.20"]
[Round "9.2"]
[White "Al Hosani, Omran"]
[Black "Quizon, Daniel"]
[Result "0-1"]
[WhiteElo "2241"]
[BlackElo "2490"]
[PlyCount "110"]
[EventDate "2024.09.11"]
[EventType "team"]
[EventRounds "11"]
[EventCountry "HUN"]
[WhiteTeam "United Arab Emirates"]
[BlackTeam "Philippines"]
[WhiteTeamCountry "UAE"]
[BlackTeamCountry "PHI"]

1. d4 Nf6 2. c4 g6 3. Nc3 Bg7 4. e4 d6 5. Be2 c5 6. Nf3 cxd4 7. Nxd4 O-O 8. O-O Nc6 9. Be3 Bd7 10. Nc2 Rc8 11. f3 a6 12. Qd2 Ne5 13. Na3 ({RR} 13. b3 b5 14. cxb5 Rxc3 15. Qxc3 Nxe4 16. Qe1 Nc3 17. bxa6 Nxe2+ 18. Qxe2 Qa5 19. a4 Nc6 20. Rab1 Ra8 21. b4 Qxa4 22. b5 Nd8 23. Rb4 Qa2 24. Rfb1 Bc3 25. R4b3 d5 26. Bd4 Bxd4+ 27. Nxd4 Qxe2 {Starcevic,A (2189)-Cuevas Araya,W (2008) chess.com INT 2024 1-0 (38)}) 13... Be6 ({RR} 13... Re8 14. Rab1 Qc7 15. Rfc1 Qa5 16. Rc2 {½-½ (16) Bacrot,E (2695)-Gharamian,T (2672) Belfort 2012}) 14. Nd5 Bxd5 15. cxd5 $146 ({RR} 15. exd5 Rb8 16. Rac1 Qc7 17. Rfe1 b6 18. Bf1 Qb7 19. Bd4 b5 20. cxb5 axb5 21. f4 Neg4 22. h3 Nh6 23. Nxb5 Qxd5 24. Bc4 Qb7 25. Bd3 Nf5 26. Bf2 h5 27. a4 Qd5 28. Qc2 Bh6 29. Bxf5 Qxf5 {Bogner,S (2318)-Lettieri,G (2295) Brno 2006 1-0 (50)}) ({RR} 15. exd5 Qc7 16. Kh1 Rb8 17. Rac1 Rfc8 18. f4 Neg4 19. Bg1 Ne4 20. Qc2 Nef6 21. h3 Nh6 22. g4 Qd7 23. Qd2 Ne4 24. Qe3 Bxb2 25. Rc2 Bxa3 26. Qxa3 b5 27. Qe3 f5 28. Rfc1 bxc4 29. Bf3 Rb5 {Kisadere,K (1770)-Batmaz,O (1606) Konya 2019 1-0 (47)}) 15... Qd7 16. Rac1 e6 17. Nc4 Nxc4 18. Bxc4 exd5 19. Bxd5 Nxd5 20. Qxd5 Rc6 21. b3 Rfc8 22. Rfd1 Qe6 23. Rxc6 Rxc6 24. Bf4 Bf8 25. Rc1 Qf6 26. Qd2 h5 27. h3 d5 28. exd5 Rxc1+ 29. Qxc1 Qd4+ 30. Be3 Qxd5 31. Qd2 Qe6 32. Bd4 Qf5 33. Qe1 Bg7 34. Bxg7 Kxg7 35. Qc3+ Kh7 36. a4 Qd5 37. Kf2 Kg8 38. Qc8+ Kg7 39. Qc3+ Kf8 40. Qc8+ Ke7 41. Qc7+ Ke6 42. Qc8+ Kd6 43. Qd8+ Kc5 44. Qa5+ Kc6 45. Qxd5+ Kxd5 46. Ke3 Kc5 47. Kd3 Kb4 48. Kc2 h4 49. Kb2 g5 50. Kc2 b6 51. Kb2 b5 52. axb5 axb5 53. Kc2 Ka3 54. Kc3 b4+ 55. Kc4 f6 0-1

[Event "45th Olympiad Budapest 2024"]
[Site "Budapest"]
[Date "2024.09.20"]
[Round "9.3"]
[White "Bersamina, Paulo"]
[Black "Ammar, Sedrani"]
[Result "1-0"]
[WhiteElo "2425"]
[BlackElo "2226"]
[PlyCount "69"]
[EventDate "2024.09.11"]
[EventType "team"]
[EventRounds "11"]
[EventCountry "HUN"]
[WhiteTeam "Philippines"]
[BlackTeam "United Arab Emirates"]
[WhiteTeamCountry "PHI"]
[BlackTeamCountry "UAE"]

1. e4 c6 2. d4 d5 3. Nd2 dxe4 4. Nxe4 Nf6 5. Nxf6+ exf6 6. c3 Bd6 7. Bd3 O-O 8. Qc2 Re8+ 9. Ne2 h5 10. O-O Nd7 11. Ng3 Qc7 12. Nxh5 Bxh2+ 13. Kh1 Bd6 14. Bh6 gxh6 15. Bc4 Kh8 $146 ({RR} 15... Re6 16. Bxe6 fxe6 17. Qg6+ Kf8 18. Rae1 Nb6 19. Qxh6+ Ke8 20. Qh8+ Bf8 21. Nxf6+ Kf7 22. Qh7+ Bg7 23. Qxg7+ Kxg7 24. Ne8+ Kf7 25. Nxc7 Bd7 26. Nxa8 {1-0 (26) Vazquez,G (2524)-Donchenko,A (2650) Chess.com INT 2020}) ({RR} 15... Kf8 16. Qh7 Nb6 17. Rae1 Be6 18. Qg7+ Ke7 19. Bb3 Kd8 20. Bxe6 fxe6 21. Qxf6+ Qe7 22. Qxh6 Qh4+ {0-1 (22) Frhat,A (2327)-Perez Gormaz,M (2387) chess.com INT 2023}) 16. Bxf7 Re7 17. Qg6 Rxf7 18. Qxf7 Nf8 19. Qxf6+ Kh7 20. Rae1 Bg4 21. Qh4 Bxh5 22. Qxh5 Qg7 23. Qf5+ Kh8 24. g3 Rd8 25. Re4 Ng6 26. Rfe1 Kh7 27. Re8 Rd7 28. R1e6 Rf7 29. Qe4 Bf8 30. f4 h5 31. Re5 h4 32. Rh5+ Kg8 33. Re6 Rf6 34. Rg5 hxg3 35. Rxg6 1-0

[Event "45th Olympiad Budapest 2024"]
[Site "Budapest"]
[Date "2024.09.20"]
[Round "9.4"]
[White "Ahmed, Fareed"]
[Black "Garcia, Jan Emmanuel"]
[Result "0-1"]
[WhiteElo "2061"]
[BlackElo "2380"]
[PlyCount "150"]
[EventDate "2024.09.11"]
[EventType "team"]
[EventRounds "11"]
[EventCountry "HUN"]
[WhiteTeam "United Arab Emirates"]
[BlackTeam "Philippines"]
[WhiteTeamCountry "UAE"]
[BlackTeamCountry "PHI"]

1. e4 e5 2. Nf3 Nc6 3. Bb5 a6 4. Ba4 Nf6 5. O-O Be7 6. d3 d6 7. c3 O-O 8. Re1 b5 9. Bc2 Nb8 10. d4 Nbd7 11. Nbd2 ({RR} 11. a4 Bb7 12. Nbd2 Re8 13. Bd3 c6 14. Nf1 Bf8 15. Ng3 g6 16. b3 Bg7 17. Bb2 Qb6 18. h4 Nf8 19. c4 Ne6 20. a5 Qa7 21. cxb5 cxb5 22. d5 Ng4 23. Rf1 Nf4 24. Ne1 Bc8 25. Bc2 Bf6 {Barria Santos,J (2386)-Vidyarthi,O (1958) Pontevedra ESP 2023 1-0 (57)}) 11... Bb7 12. Nf1 Re8 13. Bg5 $146 ({RR} 13. Ng3 Bf8 14. a3 g6 15. b4 Bg7 16. Bb2 Nb6 17. Nd2 Nfd7 18. d5 c6 19. dxc6 Bxc6 20. Bb3 d5 21. exd5 Bxd5 22. Bxd5 Nxd5 23. c4 Nf4 24. Qb3 Nb6 25. Red1 Qd3 26. c5 Na4 27. Rab1 Nxb2 {Martinovic,S (2460)-Abramovic,B (2445) Pamporovo 1982 0-1 (47)}) ({RR} 13. Ng3 Bf8 14. Bg5 h6 15. Bd2 g6 16. Qc1 h5 17. b3 c6 18. Bg5 Qc7 19. Qd2 Nh7 20. Be3 Bg7 21. Rad1 Rad8 22. Bd3 Ndf8 23. Qc2 Ne6 24. Bf1 Bf6 25. Ne2 Nhg5 26. Nxg5 Bxg5 27. Qc1 Bxe3 {Antipov,M (2511)-Salomon,J (2308) Caleta 2014 ½-½ (75)}) ({RR} 13. Ng3 g6 14. Bg5 c5 15. d5 Nxd5 16. Bxe7 Nxe7 17. Qxd6 Nc8 18. Qd2 Kg7 19. h4 Ncb6 20. h5 h6 21. Rad1 Qe7 22. b3 Rad8 23. Qe3 {½-½ (23) Andreev,E (2482)-Khanin,S (2318) Pavlodar 2014}) 13... h6 14. Bh4 Nh7 15. Bg3 Bf6 16. dxe5 Nxe5 17. Nxe5 Bxe5 18. f4 Bf6 19. Qh5 Qd7 20. e5 dxe5 21. Rad1 Qc6 22. Be4 Qb6+ 23. Bf2 c5 24. Bxb7 Qxb7 25. fxe5 g6 26. Qxh6 Rxe5 27. Rxe5 Bxe5 28. Bxc5 Re8 29. Rd3 Qc7 30. Bd4 Bxd4+ 31. cxd4 Qc4 32. Qd2 Qxa2 33. d5 Rd8 34. Rd4 Rd6 35. h3 Qb1 36. Qe2 Qc1 37. Kh2 Qg5 38. Qe3 Qd8 39. Qe5 Qf6 40. Qxf6 Nxf6 41. Ne3 a5 42. g4 Kg7 43. Kg3 Ne8 44. Rd1 Rd8 45. Kf4 Nd6 46. Ke5 f6+ 47. Kd4 Rc8 48. Rd2 b4 49. Rc2 Nb5+ 50. Kd3 Rb8 51. Rc6 a4 52. Ra6 a3 53. b3 Rc8 54. Nc4 Rh8 55. Nd2 Rd8 56. Kc4 Rxd5 57. Nf3 Rd6 58. Ra5 Rb6 59. Kc5 Rb8 60. Ne1 Nc3 61. Nd3 Ne4+ 62. Kd4 Nd2 63. Ke3 Nxb3 64. Ra4 Kh6 65. h4 Rd8 66. Nxb4 Rd4 67. Rxa3 Rxb4 68. Kf3 Nd4+ 69. Kf2 Rb2+ 70. Kg3 Rb3+ 71. Rxb3 Nxb3 72. Kf4 Nc5 73. Ke3 g5 74. h5 Ne6 75. Ke4 Ng7 0-1

[Event "45th Olympiad Budapest 2024"]
[Site "Budapest"]
[Date "2024.09.20"]
[Round "9.1"]
[White "Miguel, Sergio"]
[Black "Kuybokarov, Temur"]
[Result "1-0"]
[WhiteElo "2241"]
[BlackElo "2562"]
[PlyCount "83"]
[EventDate "2024.09.11"]
[EventType "team"]
[EventRounds "11"]
[EventCountry "HUN"]
[WhiteTeam "Angola"]
[BlackTeam "Australia"]
[WhiteTeamCountry "ANG"]
[BlackTeamCountry "AUS"]

1. e4 c5 2. Nf3 Nc6 3. d4 cxd4 4. Nxd4 g6 5. Nc3 Bg7 6. Be3 Nf6 7. Be2 O-O 8. Nb3 d6 9. O-O Be6 10. f4 Qc8 11. Kh1 Rd8 12. Bf3 d5 ({RR} 12... Bg4 13. Bg1 b6 14. a3 Bxf3 15. Qxf3 Qg4 16. Qd3 Rac8 17. Nd5 Nd7 18. h3 Qh5 19. c3 Nc5 20. Qc2 Re8 21. Rad1 Nxb3 22. Qxb3 Qe2 23. Rfe1 Na5 24. Rxe2 Nxb3 25. g4 Rc4 26. Kg2 Kf8 27. Kf3 {Nijboer,F (2605)-Van der Wiel,J (2525) Gouda 1997 ½-½ (69)}) 13. Nxd5 ({RR} 13. exd5 Nxd5 14. Nxd5 Bxd5 15. Bxd5 e6 16. Bxe6 Qxe6 17. Qf3 Nb4 18. f5 gxf5 19. Bg5 Nxc2 20. Nc5 Qd5 21. Bxd8 Qxf3 22. gxf3 Nxa1 23. Nxb7 Nc2 24. Rg1 Kh8 25. Nd6 h6 26. Bc7 Nd4 27. Nxf7+ Kh7 {Gochelashvili,D (2287)-Prasannaa,S (2213) Chennai IND 2024 1-0 (59)}) 13... Nxd5 $146 ({RR} 13... Bxd5 14. exd5 Nxd5 15. Bxd5 e6 16. c4 exd5 17. cxd5 Qf5 18. Qf3 Qxd5 19. Qf2 Qf5 20. Rad1 Qf6 21. Nc5 b6 22. Nd3 Qf5 23. Nc1 Qh5 24. Qc2 Nb4 25. Qb3 Nd5 26. Rde1 Nxe3 27. Rxe3 Rd2 28. Re7 {Arun,J (2120)-Premnath,R (2303) Chennai 2009 0-1 (34)}) ({RR} 13... Bxd5 14. exd5 Nb4 15. d6 Rxd6 16. Qe2 Qxc2 17. Bc5 Re6 18. Qb5 Nc6 19. Rf2 Qf5 20. Bxc6 Rxc6 21. Qxb7 Rac8 22. Bxa7 R6c7 23. Qb6 Nd5 24. Qa5 Ra8 25. Rd2 Rcxa7 26. Qxd5 Qxd5 27. Rxd5 Bxb2 28. Rad1 {Zavgorodniaya,A (1820)-Latonin,M (1696) St Petersburg 2010 ½-½ (51)}) ({RR} 13... Bxd5 14. exd5 Nb4 15. c3 Nfxd5 16. Bxd5 Nxd5 17. Qf3 a5 18. Rad1 e6 19. Nc5 a4 20. a3 Ra5 21. Ne4 Nxe3 22. Qxe3 Rad5 23. Rxd5 Rxd5 24. h3 Qc4 25. Rf2 h6 26. Nd2 Qc7 27. Nf3 Rd1+ 28. Kh2 {Jaureguiberry,C (2150)-Inkiov,V (2474) Creon 2010 0-1 (52)}) 14. exd5 Nb4 15. dxe6 Rxd1 16. exf7+ Kh8 17. Raxd1 Qe6 18. Bxb7 Rf8 19. Bc5 Nxc2 20. Bd5 Qf5 21. Bc4 a5 22. Bd3 Qc8 23. Bxc2 a4 24. Bxe7 Qxc2 25. Bxf8 Bxf8 26. Nd4 Qc4 27. f5 gxf5 28. Nxf5 h5 29. b3 axb3 30. axb3 Qa6 31. Rf3 Kh7 32. h3 Qe2 33. Rdf1 Qa6 34. Rf4 Qb5 35. b4 Qa6 36. Rb1 Kg6 37. b5 Qa2 38. Nh4+ Kg5 39. Rf5+ Kxh4 40. Rd1 Qc4 41. b6 Qa4 42. Kh2 1-0

[Event "45th Olympiad Budapest 2024"]
[Site "Budapest"]
[Date "2024.09.20"]
[Round "9.2"]
[White "Cheng, Bobby"]
[Black "Sapalo, Gabriel"]
[Result "1-0"]
[WhiteElo "2588"]
[BlackElo "2058"]
[PlyCount "73"]
[EventDate "2024.09.11"]
[EventType "team"]
[EventRounds "11"]
[EventCountry "HUN"]
[WhiteTeam "Australia"]
[BlackTeam "Angola"]
[WhiteTeamCountry "AUS"]
[BlackTeamCountry "ANG"]

1. d4 Nf6 2. c4 e6 3. Nc3 d5 4. cxd5 exd5 5. Bg5 Be7 6. e3 h6 7. Bh4 c6 8. Bd3 O-O 9. Nge2 a5 10. O-O Ne4 ({RR} 10... Re8 11. Rc1 Nbd7 12. a4 Nh5 13. Bxe7 Qxe7 14. Qd2 Nf8 15. Rce1 Bd7 16. Nc1 Nf6 17. f3 Ne6 18. Bb1 c5 19. Nd3 Bc6 20. Qf2 cxd4 21. exd4 Qd6 22. Re3 Re7 23. Rfe1 Rae8 24. Ba2 Kf8 25. h3 {Firouzja,A (2760)-Artemiev,V (2711) chess.com INT 2024 1-0 (51)}) ({RR} 10... Na6 11. Rc1 Nc7 12. f3 Ne6 13. Kh1 Ng5 14. Qc2 Re8 15. Bf2 c5 16. b3 b6 17. a4 Bb7 18. Qb2 Ne6 19. Nb5 Rc8 20. dxc5 bxc5 21. Rfd1 Qb6 22. Ng3 g6 23. Bf1 Nh7 24. Qb1 h5 25. Ne2 {Ben Ari,Y (2417)-Parkhov,Y (2495) Acre ISR 2024 ½-½ (61)}) 11. Bxe7 Qxe7 12. Bxe4 $146 ({RR} 12. Qc2 Nd6 13. Rae1 f5 14. Nc1 Na6 15. a3 Bd7 16. Nb3 Nc7 17. Nd2 Ne6 18. Nf3 Ng5 19. Ne5 Rf6 20. f3 Ndf7 21. f4 Ne4 22. Nxe4 fxe4 23. Be2 g6 24. Kh1 Kg7 25. g4 g5 26. Qd2 Nd6 {Chabot,R (2249)-Panayotov,I (2037) Trois-Rivieres 2010 0-1 (60)}) 12... dxe4 13. Qc2 Re8 14. Ng3 f5 15. f3 b5 16. fxe4 b4 17. Na4 fxe4 18. Rf4 Ba6 19. Nc5 Bd3 20. Qb3+ Kh8 21. Nf5 Qf6 22. Nh4 a4 23. Qxb4 Qg5 24. Qb7 Na6 25. Ne6 Rab8 26. Qf7 Rxe6 27. Qxe6 Nb4 28. Qd6 Na6 29. Ng6+ Kh7 30. Nf8+ Kg8 31. Ne6 Qg6 32. Rf8+ Rxf8 33. Qxf8+ Kh7 34. Qc8 Qf7 35. Nf8+ Kg8 36. Ng6+ Kh7 37. Ne5 1-0